000 00444nam a2200169Ia 4500
001 7017
003 IN-NITTTR
005 20251114233024.0
008 251113s9999||||xx |||||||||||||| ||eng||
040 _beng
040 _cIN-NITTTR
041 _aeng
082 _a517.34 B859M
100 _aVolosov, V. M.
245 0 _aMultiple integrals ,field theory and series,an advanced course in higher mathematics /
_cVolosov, V. M.
942 _2ddc
_cBK
999 _c9655
_d9655